01026nam a22002775a 450000500170000000800410001702000180005804000280007608200190010424500930012326000330021630000350024949000480028450000240033250400410035665000410039765000370043865100100047565300230048565500240050870000310053270000340056394200080059799900170060595201260062220151027145108.0151027s2011 nyua frb 001 0 eng d a9781461430070 aEG-ScBUEbengcEG-ScBUE04222a615.1bCON00aControlled release in oral drug delivery /ceditors Clive G. Wilson, Patrick J. Crowley. aNew York :bSpringer,c2011. axiii, 412 p. :bill. ;c24 cm.0 aAdvances in delivery science and technology aIndex : p. 403-412. aIncludes bibliographical references. 72BUEsh936090aDrug delivery systems. 0aDrugsxControlled release2BUEsh 2BUEsh bPPhrmcOctober2015 vReading book9342321 aWilson, Clive G.,eeditor.1 aCrowley, Patrick J.,eeditor. 2ddc c20999d20971 00102ddc40708BaccahaMAINbMAINc1STd2015-10-27ePurchaseg1680.00l0o615.1 CONp000031189r2025-07-15 00:00:00yBB